{"text_format":"3","workbook":"xlsx","n_sheets":1,"sheets":["Worksheet"],"read":"whole","date_system":"1900"}

{"sheet":"Worksheet","index":0,"n_rows":16,"n_cols":19,"rows_kept":16}
["№","Код участника","Название ОУ","СНИЛС","Фамилия","Имя","Отчество","Пол","Дата рождения","Участник с ОВЗ","Класс","Класс участия","Балл","Макс. балл","Статус","Призер МЭ прошлого года","Учитель","Место работы учителя","Предмет"]
[77735,"261022_16973380617_21","МБОУ\"СОШ№22\"",16973380617,"Максимова","Карина","Даниловна","ж","25.11.2011","нет",7,7,47,80,"участник",null,"Кириллов Данил Николаевич","Муниципальное бюджетное общеобразовательное учреждение\"Средняя общеобразовательная школа №22\"","Астрономия"]
[77736,"261022_16947559333_21","МБОУ\"СОШ№22\"",16947559333,"Поздеев","Артём","Михайлович","м","17.11.2011","нет",7,7,58,80,"призер",null,"Кириллов Данил Николаевич","Муниципальное бюджетное общеобразовательное учреждение\"Средняя общеобразовательная школа №22\"","Астрономия"]
[77737,"261022_16947541617_21","МБОУ\"СОШ№22\"",16947541617,"Хафизов","Дамир","Русланович","м","01.11.2011","нет",7,7,40,80,"участник",null,"Кириллов Данил Николаевич","Муниципальное бюджетное общеобразовательное учреждение\"Средняя общеобразовательная школа №22\"","Астрономия"]
[77738,"261022_16720784885_21","МБОУ\"СОШ№22\"",16720784885,"Карплюк","Доминика","Игоревна","ж","30.06.2011","нет",8,8,41,100,"участник",null,"Кириллов Данил Николаевич","Муниципальное бюджетное общеобразовательное учреждение\"Средняя общеобразовательная школа №22\"","Астрономия"]
[77739,"261022_15820119243_21","МБОУ\"СОШ№22\"",15820119243,"Ризатдинов","Риназ","Ильнурович","м","26.11.2009","нет",9,9,65,100,"призер",null,"Кириллов Данил Николаевич","Муниципальное бюджетное общеобразовательное учреждение\"Средняя общеобразовательная школа №22\"","Астрономия"]
[77740,"261022_19941582221_21","МБОУ\"СОШ№22\"",19941582221,"Сафина","Лия","Рустемовна","ж","24.12.2009","нет",9,9,40,100,"участник",null,"Кириллов Данил Николаевич","Муниципальное бюджетное общеобразовательное учреждение\"Средняя общеобразовательная школа №22\"","Астрономия"]
[77741,"261022_17389122698_21","МБОУ\"СОШ№22\"",17389122698,"Хазиев","Руслан","Дамирович","м","18.05.2010","нет",9,9,49,100,"участник",null,"Кириллов Данил Николаевич","Муниципальное бюджетное общеобразовательное учреждение\"Средняя общеобразовательная школа №22\"","Астрономия"]
[77742,"261022_16844004771_21","МБОУ\"СОШ№22\"",16844004771,"Дикухин","Денис","Максимович","м","16.09.2009","нет",10,10,41,100,"участник",null,"Кириллов Данил Николаевич","Муниципальное бюджетное общеобразовательное учреждение\"Средняя общеобразовательная школа №22\"","Астрономия"]
[77743,"261022_17078520577_21","МБОУ\"СОШ№22\"",17078520577,"Ильин","Ярослав","Дмитриевич","м","29.03.2009","нет",10,10,0,100,"участник",null,"Кириллов Данил Николаевич","Муниципальное бюджетное общеобразовательное учреждение\"Средняя общеобразовательная школа №22\"","Астрономия"]
[77744,"261022_17061166241_21","МБОУ\"СОШ№22\"",17061166241,"Кузин","Егор","Константинович","м","06.08.2009","нет",10,10,66,100,"участник",null,"Кириллов Данил Николаевич","Муниципальное бюджетное общеобразовательное учреждение\"Средняя общеобразовательная школа №22\"","Астрономия"]
[77745,"261022_17107434645_21","МБОУ\"СОШ№22\"",17107434645,"Садреев","Марсель","Русланович","м","04.06.2009","нет",10,10,90,100,"победитель",null,"Кириллов Данил Николаевич","Муниципальное бюджетное общеобразовательное учреждение\"Средняя общеобразовательная школа №22\"","Астрономия"]
[77746,"261022_17117140230_21","МБОУ\"СОШ№22\"",17117140230,"Сиволдаева","Дарья","Андреевна","ж","12.02.2009","нет",10,10,31,100,"участник",null,"Кириллов Данил Николаевич","Муниципальное бюджетное общеобразовательное учреждение\"Средняя общеобразовательная школа №22\"","Астрономия"]
[77747,"261022_15842305767_21","МБОУ\"СОШ№22\"",15842305767,"Скочков","Матвей","Андреевич","м","26.12.2008","нет",10,10,56,100,"участник",null,"Кириллов Данил Николаевич","Муниципальное бюджетное общеобразовательное учреждение\"Средняя общеобразовательная школа №22\"","Астрономия"]
[77748,"261022_17247477088_21","МБОУ\"СОШ№22\"",17247477088,"Титов","Максим","Алексеевич","м","05.08.2009","нет",10,10,46,100,"участник",null,"Кириллов Данил Николаевич","Муниципальное бюджетное общеобразовательное учреждение\"Средняя общеобразовательная школа №22\"","Астрономия"]
[77749,"261022_17247476995_21","МБОУ\"СОШ№22\"",17247476995,"Титов","Матвей","Алексеевич","м","05.08.2009","нет",10,10,49,100,"участник",null,"Кириллов Данил Николаевич","Муниципальное бюджетное общеобразовательное учреждение\"Средняя общеобразовательная школа №22\"","Астрономия"]